000 00643nam a2200217Ia 4500
003 GCL
008 140319s9999 xx 000 0 ara d
040 _aGCL /
_cGCL
082 0 4 _a709.1
_bم م
100 1 _aمحسن محمد عطية
245 1 0 _aموضوعات فى الفنون الاسلامية /
_cمحسن محمد عطية
260 _a[S.N] :
_bدار المعارف ،
_c1994
300 _a152 ص
490 _a
650 0 4 _aتاريخ
650 0 4 _aالعمارة الاسلامية
650 0 4 _aالاثار الاسلامية
650 0 4 _aالمساجد
650 0 4 _aالفن الاسلامى
942 _2ddc
_cBK
999 _c55975
_d55975